Formulación y evaluación de proyectos de telefonía, telegrafía y correos en zonas rurales
Uloženo v:
| Hlavní autoři: | , , , , , , |
|---|---|
| Médium: | Kniha |
| Jazyk: | španělština |
| Vydáno: |
Santiago
MIDEPLAN
1985
|
| Edice: | Programa de Adiestramiento en Preparación y Evaluación de Proyectos
|
| Témata: | |
| Tagy: |
Přidat tag
Žádné tagy, Buďte první, kdo vytvoří štítek k tomuto záznamu!
|
MARC
| LEADER | 00000nam a2200000 a 4500 | ||
|---|---|---|---|
| 001 | UCH4717 | ||
| 003 | CL-VaPUC | ||
| 008 | 090903e19850000CL |||||||||||||||||spa|d | ||
| 082 | 0 | 4 | |a 384 |b BUS |2 21 |
| 100 | 0 | |a Bustos N., Jorge |e author |9 540532 | |
| 700 | 0 | |a Márquez B., Oscar |e author |9 540533 | |
| 700 | 0 | |a Mújica R., Horacio |e author |9 540534 | |
| 700 | 0 | |a Riquelme A., Juan Carlos |e author |9 540535 | |
| 700 | 0 | |a Rivero F., Pilar |e author |9 540536 | |
| 700 | 0 | |a Rojas M., Sergio |e author |9 540537 | |
| 700 | 0 | |a Tello S., Valentina |e author |9 540538 | |
| 245 | 1 | 0 | |a Formulación y evaluación de proyectos de telefonía, telegrafía y correos en zonas rurales |
| 300 | |a 320 p | ||
| 942 | |c BK | ||
| 945 | |d 20090903 00:00:00 |a rbrito | ||
| 260 | |a Santiago |b MIDEPLAN |c 1985 | ||
| 650 | 7 | |a TELEFONOS |2 CL-VaPUC |9 263284 | |
| 650 | 7 | |a TELEGRAFOS |2 CL-VaPUC |9 507112 | |
| 650 | 7 | |a CORREOS |2 CL-VaPUC |9 375212 | |
| 650 | 0 | |a Telecomunicaciones |9 257195 | |
| 650 | 7 | |a COMUNICACIONES |2 CL-VaPUC |9 260778 | |
| 583 | |a last modification |c 20090903 00:00:00 |k Rodrigo Vera | ||
| 490 | 0 | |a Programa de Adiestramiento en Preparación y Evaluación de Proyectos | |
| 999 | |c 335988 |d 335986 | ||
| 952 | |0 0 |1 0 |4 0 |6 384_000000000000000_BUS_1985 |7 0 |8 A |9 426851 |a BIBING |b BIBING |d 2019-11-22 |i 459584K |o 384 BUS 1985 |p 459584K |r 2025-01-20 |w 2019-11-22 |y BK |k GEO | ||